[Event "Mecklenburg VP LL2 Ost 2223"]
[Site "Mecklenburg VP"]
[Date "2022.11.27"]
[Round "3.5"]
[White "Reimer, Karl"]
[Black "Pawlick, Helmut"]
[Result "0-1"]
[WhiteElo "1520"]
[BlackElo "1997"]
[PlyCount "125"]
[EventDate "2022.10.23"]
[EventType "team-tourn"]
[EventRounds "9"]
[EventCountry "GER"]
[SourceTitle "EXT 2024"]
[Source "ChessBase"]
[SourceDate "2023.10.10"]
[SourceVersion "1"]
[SourceVersionDate "2023.10.10"]
[SourceQuality "1"]
[WhiteTeam "Motor Wolgast"]
[BlackTeam "Stralsund HSG II"]
[WhiteTeamCountry "GER"]
[BlackTeamCountry "GER"]

1. c4 e5 2. Nc3 Nc6 3. g3 a6 4. Bg2 Bc5 5. Nf3 d6 6. 0-0 Ba7 7. e3 f5 8. d4 e4 9. Ne1 h5 10. Nxe4 h4 11. Nc3 hxg3 12. fxg3 Bd7 13. Nd3 Nf6 14. Qe2 Qe7 15. Nf4 0-0-0 16. Ng6 Qf7 17. Nxh8 Rxh8 18. a3 g5 19. b4 Qh7 20. Bf3 Nxd4 21. exd4 Bxd4+ 22. Kh1 Bxc3 23. Ra2 g4 24. Qd3 Be5 25. Bd1 Bc6+ 26. Kg1 Be4 27. Qe3 Qh3 28. Ba4 c6 29. b5 Bxg3 30. Qxg3 Qxg3+ 31. hxg3 Rh1+ 32. Kf2 Rh2+ 33. Ke3 Rxa2 34. bxa6 bxa6 35. Bd1 Rg2 36. Kf4 Nh5+ 37. Kg5 Nxg3 38. Re1 Bf3 39. Bf4 Bxd1 40. Rxd1 Ne2 41. Bxd6 f4 42. Bxf4 Nxf4 43. Kxf4 g3 44. Rd3 Rc2 45. Kxg3 Rxc4 46. Kf3 Kc7 47. Ke3 Kb6 48. Rb3+ Ka5 49. Kd3 Rh4 50. Kc2 Rh2+ 51. Kb1 c5 52. Rc3 Kb5 53. Ka1 c4 54. Kb1 Rd2 55. Rg3 Ka4 56. Rg6 a5 57. Rc6 Kb3 58. Kc1 Rc2+ 59. Kb1 Rb2+ 60. Kc1 Ra2 61. Kb1 Rxa3 62. Rf6 a4 63. Rf3+ 0-1

[Event "MVP-ch Seniors op 19th"]
[Site "Ostseebad Binz"]
[Date "2019.12.04"]
[Round "8"]
[White "Schmidt, Gerhard3333"]
[Black "Pawlick, Helmut"]
[Result "1/2-1/2"]
[WhiteElo "2110"]
[BlackElo "1993"]
[PlyCount "42"]
[EventDate "2019.11.27"]
[EventType "swiss"]
[EventRounds "9"]
[EventCountry "GER"]
[SourceTitle "EXT 2021"]
[Source "ChessBase"]
[SourceDate "2020.10.23"]
[SourceVersion "1"]
[SourceVersionDate "2020.10.23"]
[SourceQuality "1"]

1. d4 Nf6 2. Nf3 d5 3. c4 dxc4 4. e3 e6 5. Bxc4 Be7 6. Nc3 0-0 7. 0-0 b6 8. Qe2 Bb7 9. e4 a6 10. Rd1 b5 11. Bd3 Nbd7 12. Bg5 h6 13. Bf4 Nh5 14. Bd2 c5 15. dxc5 Nxc5 16. Bc2 Qc7 17. Rac1 Nf6 18. b4 Ncd7 19. Bb3 Qb8 20. a3 Rd8 21. g3 Bd6 1/2-1/2

[Event "MVP-ch Seniors op 19th"]
[Site "Ostseebad Binz"]
[Date "2019.11.28"]
[Round "2"]
[White "Rollwitz, Juergen"]
[Black "Pawlick, Helmut"]
[Result "1/2-1/2"]
[WhiteElo "1872"]
[BlackElo "1993"]
[PlyCount "28"]
[EventDate "2019.11.27"]
[EventType "swiss"]
[EventRounds "9"]
[EventCountry "GER"]
[SourceTitle "EXT 2021"]
[Source "ChessBase"]
[SourceDate "2020.10.23"]
[SourceVersion "1"]
[SourceVersionDate "2020.10.23"]
[SourceQuality "1"]

1. d4 Nf6 2. Nf3 d5 3. e3 Bf5 4. Bd3 e6 5. 0-0 Bd6 6. b3 Qe7 7. Bb2 Nbd7 8. Nbd2 c6 9. Re1 0-0 10. e4 dxe4 11. Nxe4 Nxe4 12. Bxe4 Bg6 13. Ne5 Nxe5 14. dxe5 Bc5 1/2-1/2

[Event "Mecklenburg VP Landesliga Ost 1920"]
[Site "Mecklenburg VP"]
[Date "2019.10.20"]
[Round "2.2"]
[White "Pawlick, Helmut"]
[Black "Kallweit, Paul"]
[Result "0-1"]
[WhiteElo "1993"]
[BlackElo "1832"]
[PlyCount "90"]
[EventDate "2019.09.29"]
[EventType "team-tourn"]
[EventRounds "9"]
[EventCountry "GER"]
[SourceTitle "EXT 2023"]
[Source "ChessBase"]
[SourceDate "2022.10.05"]
[SourceVersion "1"]
[SourceVersionDate "2022.10.05"]
[SourceQuality "1"]
[WhiteTeam "Bergen Rugia"]
[BlackTeam "Rostock SSC 07"]
[WhiteTeamCountry "GER"]
[BlackTeamCountry "GER"]

1. e4 c5 2. Nf3 Nc6 3. d4 cxd4 4. Nxd4 g6 5. Be3 Bg7 6. c4 d6 7. Nc3 Nf6 8. Be2 0-0 9. h4 Qa5 10. Nb3 Qd8 11. h5 Ne5 12. hxg6 hxg6 13. Bh6 Bxh6 14. Rxh6 Kg7 15. Qd2 Rh8 16. Rxh8 Qxh8 17. 0-0-0 Be6 18. Nd4 Bxc4 19. Bxc4 Nxc4 20. Qg5 Qh5 21. Qxh5 Nxh5 22. g3 Nf6 23. Rh1 Rc8 24. Rh4 a6 25. Kc2 b5 26. a3 Ne5 27. Kb3 Rc4 28. Nc2 g5 29. Rh1 Nfg4 30. f4 Nd3 31. Rd1 Nc5+ 32. Ka2 Nxe4 33. Nxe4 Rxe4 34. Rd5 f6 35. fxg5 Ne3 36. gxf6+ Kxf6 37. Rd2 Nxc2 38. Rxc2 Rg4 39. Rc6 a5 40. Rb6 Rg5 41. Kb1 Re5 42. b3 Rd5 43. Kb2 e5 44. Kc3 e4 45. a4 e3 0-1

[Event "Mecklenburg VP LL2 Ost 1819"]
[Site "Mecklenburg VP"]
[Date "2019.03.10"]
[Round "7.2"]
[White "Kilp, Gunnar"]
[Black "Pawlick, Helmut"]
[Result "0-1"]
[WhiteElo "1677"]
[BlackElo "1834"]
[PlyCount "77"]
[EventDate "2018.10.21"]
[EventType "team-tourn"]
[EventRounds "9"]
[EventCountry "GER"]
[SourceTitle "EXT 2022"]
[Source "ChessBase"]
[SourceDate "2021.10.06"]
[SourceVersion "1"]
[SourceVersionDate "2021.10.06"]
[SourceQuality "1"]
[WhiteTeam "Torgelow Droegeheide II"]
[BlackTeam "Bergen Rugia"]
[WhiteTeamCountry "GER"]
[BlackTeamCountry "GER"]

1. d4 Nf6 2. Nf3 e6 3. Bf4 c5 4. c3 d5 5. Nbd2 Nc6 6. e3 Be7 7. Bd3 Bd7 8. Ne5 0-0 9. 0-0 cxd4 10. Nxc6 bxc6 11. cxd4 c5 12. dxc5 Bxc5 13. Nf3 Be7 14. Ne5 h6 15. Qe2 Qb6 16. Rfc1 Rfd8 17. Nxd7 Rxd7 18. Bb5 g5 19. Bg3 Rd6 20. Bxd6 Bxd6 21. Rc3 Qd8 22. Rac1 Kg7 23. Qc2 Ng4 24. h3 Ne5 25. Rc8 Rxc8 26. Qxc8 Qf6 27. Qc3 h5 28. Be2 Kh6 29. Qd4 Qe7 30. Rc8 f5 31. f4 Ng6 32. fxg5+ Qxg5 33. Rd8 Qe7 34. Rh8+ Nxh8 35. Qxh8+ Qh7 36. Qf6+ Qg6 37. Qh8+ Qh7 38. Qe8 Qg6 39. a3 0-1

[Event "MVP-ch Seniors op 18th"]
[Site "Ostseebad Binz"]
[Date "2018.12.01"]
[Round "4"]
[White "Dettmann, Gerd"]
[Black "Pawlick, Helmut"]
[Result "0-1"]
[WhiteElo "2146"]
[BlackElo "1953"]
[PlyCount "48"]
[EventDate "2018.11.28"]
[EventType "swiss"]
[EventRounds "9"]
[EventCountry "GER"]
[SourceTitle "CBM 188 Extra"]
[Source "ChessBase"]
[SourceDate "2019.02.26"]
[SourceVersion "1"]
[SourceVersionDate "2019.02.26"]
[SourceQuality "1"]

1. e4 c5 2. Nf3 Nc6 3. Bb5 e6 4. 0-0 Nge7 5. d4 cxd4 6. Nxd4 a6 7. Nxc6 bxc6 8. Bd3 d5 9. b3 Qc7 10. Bb2 Ng6 11. c4 Bb7 12. Nd2 Bd6 13. Nf3 dxc4 14. Bxc4 0-0-0 15. Qe2 Nf4 16. Qe3 e5 17. Rac1 Kb8 18. Rfd1 f6 19. Rc2 Bc5 20. Rxd8+ Rxd8 21. Qxc5 Rd1+ 22. Bf1 Qd7 23. Rc1 Ne2+ 24. Kh1 Nxc1 0-1

[Event "Mecklenburg VP LL2 Ost 1819"]
[Site "Mecklenburg VP"]
[Date "2018.11.11"]
[Round "2.2"]
[White "Pawlick, Helmut"]
[Black "Dupke, Andreas"]
[Result "1-0"]
[WhiteElo "1834"]
[BlackElo "1748"]
[PlyCount "117"]
[EventDate "2018.10.21"]
[EventType "team-tourn"]
[EventRounds "9"]
[EventCountry "GER"]
[SourceTitle "EXT 2022"]
[Source "ChessBase"]
[SourceDate "2021.10.06"]
[SourceVersion "1"]
[SourceVersionDate "2021.10.06"]
[SourceQuality "1"]
[WhiteTeam "Bergen Rugia"]
[BlackTeam "Neubrandenburg SG Eintracht II"]
[WhiteTeamCountry "GER"]
[BlackTeamCountry "GER"]

1. e4 c5 2. Nf3 Nc6 3. d4 cxd4 4. Nxd4 Nf6 5. Nc3 d6 6. Bg5 g6 7. Bc4 Bg7 8. Nxc6 bxc6 9. e5 dxe5 10. Qxd8+ Kxd8 11. 0-0-0+ Ke8 12. f3 Nd7 13. Rhe1 Nc5 14. Be3 Be6 15. Bf1 Nd7 16. a3 Nb6 17. Ba6 Bc8 18. Bf1 Bb7 19. Ne4 Nd5 20. Bd2 f6 21. f4 Bc8 22. fxe5 fxe5 23. c4 Nb6 24. h3 Bf5 25. g4 Bxe4 26. Rxe4 Rd8 27. Bc3 Rxd1+ 28. Kxd1 Rf8 29. Be2 Nd7 30. b4 Rf2 31. h4 Rh2 32. g5 Rh3 33. Kc2 Rg3 34. a4 Kd8 35. a5 Kc7 36. Be1 Rg2 37. Kd3 Rh2 38. Bg4 a6 39. Be6 Rh1 40. Bg4 Rf1 41. Bd2 Kd6 42. Be2 Rh1 43. Ke3 Kc7 44. Bf3 Rb1 45. Be2 h6 46. Kd3 Rg1 47. gxh6 Bh8 48. Bg5 Rg3+ 49. Re3 Rxe3+ 50. Kxe3 Bf6 51. h7 Bg7 52. Bxe7 Nf6 53. Bxf6 Bxf6 54. c5 g5 55. hxg5 Bxg5+ 56. Ke4 Bf6 57. Kf5 Bh8 58. Bxa6 Kd7 59. Bc4 1-0

[Event "MVP-ch Seniors op 17th"]
[Site "Binz"]
[Date "2017.12.07"]
[Round "9.39"]
[White "Liphardt, Bodo"]
[Black "Pawlick, Helmut"]
[Result "0-1"]
[WhiteElo "1850"]
[BlackElo "1945"]
[PlyCount "74"]
[EventDate "2017.11.29"]
[EventType "swiss"]
[EventRounds "9"]
[EventCountry "GER"]
[SourceTitle "EXT 2019"]
[Source "ChessBase"]
[SourceDate "2018.10.10"]
[SourceVersion "1"]
[SourceVersionDate "2018.10.10"]
[SourceQuality "1"]

1. e4 c5 2. Nc3 Nc6 3. f4 g6 4. Nf3 Bg7 5. Bc4 e6 6. f5 Na5 7. Qe2 a6 8. fxe6 dxe6 9. d3 Nxc4 10. dxc4 Ne7 11. Bg5 Qc7 12. 0-0 Nc6 13. Rad1 0-0 14. Qf2 Nd4 15. Nxd4 cxd4 16. Ne2 e5 17. c3 Bg4 18. cxd4 Qxc4 19. Rd2 Bxe2 20. Rxe2 exd4 21. Bf6 d3 22. Rd2 Qxe4 23. Bxg7 Kxg7 24. Re1 Qd5 25. Re3 Rac8 26. h3 Rc1+ 27. Kh2 Qd6+ 28. g3 Qc6 29. Qg2 Rd8 30. Qxc6 Rxc6 31. Kg1 Rc2 32. Rdxd3 Rxd3 33. Rxd3 Rxb2 34. a4 h5 35. a5 Kf6 36. Rd5 Ke6 37. Rg5 Rb5 0-1

[Event "Mecklenburg VP LL2 Ost 1617"]
[Site "Mecklenburg VP"]
[Date "2017.04.02"]
[Round "8.2"]
[White "Pawlick, Helmut"]
[Black "Schwarz, Eckhard"]
[Result "0-1"]
[WhiteElo "1830"]
[BlackElo "1854"]
[PlyCount "84"]
[EventDate "2016.10.16"]
[EventType "team-tourn"]
[EventRounds "9"]
[EventCountry "GER"]
[SourceTitle "EXT 2022"]
[Source "ChessBase"]
[SourceDate "2021.10.06"]
[SourceVersion "1"]
[SourceVersionDate "2021.10.06"]
[SourceQuality "1"]
[WhiteTeam "Bergen Rugia"]
[BlackTeam "Waterkant Saal SV"]
[WhiteTeamCountry "GER"]
[BlackTeamCountry "GER"]

1. e4 Nf6 2. e5 Nd5 3. d4 d6 4. Nf3 c5 5. c4 Nb4 6. a3 N4c6 7. e6 fxe6 8. Nc3 Nxd4 9. Nxd4 cxd4 10. Qxd4 e5 11. Qd5 e6 12. Qe4 Nd7 13. Be3 Be7 14. Bd3 Nf6 15. Qh4 0-0 16. 0-0-0 g6 17. Qh3 d5 18. Bc2 Qa5 19. Bh6 Rf7 20. Qg3 Nh5 21. Qd3 d4 22. Ne4 Nf4 23. Bxf4 Rxf4 24. g3 Rf7 25. f4 exf4 26. Qxd4 e5 27. Qd5 Qc7 28. gxf4 exf4 29. h4 Bg4 30. Rd3 Rd8 31. Qb5 Rxd3 32. Bxd3 f3 33. Qd5 Qd8 34. Qxd8+ Bxd8 35. Nd6 Rd7 36. c5 Be7 37. Bc4+ Kf8 38. Rd1 Bxh4 39. Rd4 Bg5+ 40. Kc2 h5 41. b4 f2 42. Bf1 Re7 0-1

[Event "MVP-ch Seniors op 16th"]
[Site "Binz"]
[Date "2016.12.01"]
[Round "9.47"]
[White "Pawlick, Helmut"]
[Black "Vietinghoff, Klaus"]
[Result "1-0"]
[WhiteElo "1934"]
[BlackElo "1841"]
[PlyCount "77"]
[EventDate "2016.11.23"]
[EventType "swiss"]
[EventRounds "9"]
[EventCountry "GER"]
[SourceTitle "EXT 2018"]
[Source "ChessBase"]
[SourceDate "2017.10.13"]
[SourceVersion "1"]
[SourceVersionDate "2017.10.13"]
[SourceQuality "1"]

1. e4 g6 2. d4 Bg7 3. Nc3 d6 4. Be3 Nf6 5. f3 Nbd7 6. Qd2 0-0 7. 0-0-0 e5 8. Bc4 a6 9. Bb3 Qe8 10. d5 b5 11. g4 Nc5 12. h4 h5 13. gxh5 Nxh5 14. Bh6 Kh7 15. Bxg7 Kxg7 16. Nge2 Rh8 17. Rdg1 Qe7 18. Rg5 Nd7 19. Nd1 Ndf6 20. Ne3 Bd7 21. Nf5+ Bxf5 22. exf5 Rae8 23. fxg6 fxg6 24. Rhg1 Rh6 25. c3 Qf7 26. Bc2 e4 27. f4 Kf8 28. f5 Qxd5 29. Nd4 e3 30. Qe1 Qe5 31. fxg6 Qh2 32. Nf5 Rh8 33. g7+ Nxg7 34. Rxg7 Qf2 35. R7g2 Qf3 36. Qe2 Qxe2 37. Rxe2 Nd5 38. Rf1 Re5 39. Bb3 1-0

[Event "MVP-ch Seniors op 16th"]
[Site "Binz"]
[Date "2016.11.30"]
[Round "8.21"]
[White "Liebscher, Helmar"]
[Black "Pawlick, Helmut"]
[Result "1-0"]
[WhiteElo "2100"]
[BlackElo "1934"]
[PlyCount "103"]
[EventDate "2016.11.23"]
[EventType "swiss"]
[EventRounds "9"]
[EventCountry "GER"]
[SourceTitle "EXT 2018"]
[Source "ChessBase"]
[SourceDate "2017.10.13"]
[SourceVersion "1"]
[SourceVersionDate "2017.10.13"]
[SourceQuality "1"]

1. e4 d6 2. d4 Nf6 3. Bd3 g6 4. Nf3 Bg7 5. 0-0 0-0 6. h3 c6 7. c4 Nbd7 8. Nc3 Qc7 9. Be3 b6 10. Qd2 Re8 11. Rfe1 e5 12. d5 c5 13. Bh6 Nf8 14. a4 a5 15. Kh2 Bd7 16. Be2 Nh5 17. Ng1 Nf6 18. g4 Kh8 19. Nb5 Bxb5 20. axb5 Nxe4 21. Bxg7+ Kxg7 22. Qe3 Nf6 23. g5 Ng8 24. Bd3 f5 25. f4 Re7 26. Qd2 Rae8 27. Ne2 Qd7 28. Qc3 Kf7 29. Rf1 h6 30. Ng3 e4 31. Bc2 hxg5 32. fxg5 Re5 33. Rae1 Kg7 34. h4 Kh7 35. Rf4 Qg7 36. Qe3 R5e7 37. h5 Qxb2 38. Qe2 Kg7 39. hxg6 Nxg6 40. Nxf5+ Kf8 41. Rf2 Qe5+ 42. Ng3+ Rf7 43. Rxf7+ Kxf7 44. Qf2+ Qf4 45. Qxf4+ Nxf4 46. Rf1 e3 47. Rxf4+ Kg7 48. Nh5+ Kh8 49. Rf7 Nh6 50. Rh7+ Kg8 51. Nf6+ Kf8 52. Rh8+ 1-0

[Event "MVP-ch Seniors op 16th"]
[Site "Binz"]
[Date "2016.11.29"]
[Round "7.44"]
[White "Pawlick, Helmut"]
[Black "Husser, Oskar"]
[Result "1-0"]
[WhiteElo "1934"]
[BlackElo "1817"]
[PlyCount "65"]
[EventDate "2016.11.23"]
[EventType "swiss"]
[EventRounds "9"]
[EventCountry "GER"]
[SourceTitle "EXT 2018"]
[Source "ChessBase"]
[SourceDate "2017.10.13"]
[SourceVersion "1"]
[SourceVersionDate "2017.10.13"]
[SourceQuality "1"]

1. e4 d5 2. exd5 Nf6 3. d4 Bg4 4. Nf3 Qxd5 5. Be2 Nc6 6. 0-0 0-0-0 7. c4 Qh5 8. Be3 e5 9. h3 e4 10. hxg4 Nxg4 11. Nh4 f5 12. Bxg4 fxg4 13. g3 g5 14. Ng2 Ne5 15. dxe5 Rxd1 16. Rxd1 Bg7 17. Nc3 Qg6 18. Rd5 c6 19. Ra5 a6 20. e6 Bf6 21. Rd1 Bd8 22. Re5 Bf6 23. Ra5 Bd8 24. Ra4 Qxe6 25. c5 h5 26. Nxe4 Qg6 27. Nd6+ Kb8 28. Rb4 Rh7 29. Rbd4 Bf6 30. Rb4 h4 31. gxh4 gxh4 32. Nf4 Qc2 33. Rc1 1-0

[Event "MVP-ch Seniors op 16th"]
[Site "Binz"]
[Date "2016.11.23"]
[Round "1.67"]
[White "Pawlick, Helmut"]
[Black "Maczollek, Helmut"]
[Result "1-0"]
[WhiteElo "1934"]
[BlackElo "1599"]
[PlyCount "79"]
[EventDate "2016.11.23"]
[EventType "swiss"]
[EventRounds "9"]
[EventCountry "GER"]
[SourceTitle "EXT 2018"]
[Source "ChessBase"]
[SourceDate "2017.10.13"]
[SourceVersion "1"]
[SourceVersionDate "2017.10.13"]
[SourceQuality "1"]

1. e4 d6 2. d4 Nf6 3. Nc3 c6 4. a4 a5 5. Bg5 Nbd7 6. Bc4 e6 7. Nf3 Be7 8. e5 dxe5 9. dxe5 Nd5 10. Bd2 Qc7 11. Bxd5 cxd5 12. Nb5 Qd8 13. 0-0 b6 14. Re1 Ba6 15. Nfd4 Qc8 16. Bg5 h6 17. Bxe7 Kxe7 18. Qg4 Bxb5 19. axb5 Kf8 20. Nc6 Nb8 21. Nd4 Qd8 22. f4 Ra7 23. Ra3 h5 24. Qh3 Rc7 25. Rd3 Qe7 26. c3 Rc5 27. f5 Rc4 28. fxe6 Rxd4 29. Rxd4 Qxe6 30. Qf3 g6 31. Rxd5 Nd7 32. Qd1 Ke7 33. Rd6 Qg4 34. e6 Qxd1 35. Rexd1 Ne5 36. exf7 Rf8 37. Rxb6 Nc4 38. Rb7+ Ke6 39. b3 Nb2 40. Rd2 1-0

[Event "Mecklenburg VP LL2 Ost 1516"]
[Site "Mecklenburg VP"]
[Date "2015.12.13"]
[Round "4.2"]
[White "Stock, Joachim"]
[Black "Pawlick, Helmut"]
[Result "0-1"]
[WhiteElo "1606"]
[BlackElo "1798"]
[PlyCount "58"]
[EventDate "2015.09.20"]
[EventType "team-tourn"]
[EventRounds "9"]
[EventCountry "GER"]
[SourceTitle "EXT 2022"]
[Source "ChessBase"]
[SourceDate "2021.10.06"]
[SourceVersion "1"]
[SourceVersionDate "2021.10.06"]
[SourceQuality "1"]
[WhiteTeam "Neubrandenburg SG Eintracht III"]
[BlackTeam "Bergen Rugia"]
[WhiteTeamCountry "GER"]
[BlackTeamCountry "GER"]

1. e4 c5 2. Nf3 Nc6 3. Bc4 e6 4. Nc3 Nf6 5. Be2 d5 6. exd5 Nxd5 7. 0-0 Be7 8. Re1 0-0 9. Ne4 b6 10. d3 Bb7 11. Bd2 Qc7 12. Qc1 Rad8 13. Nc3 Nxc3 14. Bxc3 Nd4 15. Nxd4 cxd4 16. Bd2 Bd6 17. h3 e5 18. c4 f5 19. a3 a5 20. Qd1 e4 21. b4 Qe7 22. c5 Bb8 23. dxe4 fxe4 24. Bc4+ Kh8 25. Qg4 bxc5 26. bxc5 Qc7 27. g3 Qc6 28. Qe6 e3 29. Qxc6 exf2+ 0-1

[Event "MVP-ch Seniors op 15th"]
[Site "Binz"]
[Date "2015.11.25"]
[Round "2.18"]
[White "Kahn, Peter"]
[Black "Pawlick, Helmut"]
[Result "1-0"]
[WhiteElo "1945"]
[BlackElo "1798"]
[PlyCount "68"]
[EventDate "2015.11.24"]
[EventType "swiss"]
[EventRounds "9"]
[EventCountry "GER"]
[SourceTitle "EXT 2017"]
[Source "ChessBase"]
[SourceDate "2016.10.25"]
[SourceVersion "1"]
[SourceVersionDate "2016.10.25"]
[SourceQuality "1"]

1. d4 Nf6 2. Nf3 e6 3. e3 c5 4. Bd3 cxd4 5. exd4 d5 6. 0-0 Be7 7. c3 Nc6 8. Qe2 Qc7 9. Ne5 Nxe5 10. dxe5 Nd7 11. Re1 f5 12. exf6 Nxf6 13. Nd2 0-0 14. Nf3 Bd6 15. Bg5 Bd7 16. Bh4 Rae8 17. Bg3 Bxg3 18. hxg3 g6 19. Ne5 Bc8 20. Qe3 Ne4 21. f4 Nd6 22. Qxa7 Nf5 23. Qf2 g5 24. g4 Ng7 25. g3 Re7 26. Qd4 gxf4 27. gxf4 Ne8 28. Re2 Rg7 29. Rf1 Nf6 30. Rg2 Nd7 31. g5 b6 32. Ng4 Qc5 33. b4 Qxd4+ 34. cxd4 Rff7 1-0

[Event "Mecklenburg VP LL2 Ost 1415"]
[Site "Mecklenburg VP"]
[Date "2015.03.15"]
[Round "7.1"]
[White "Bigalke, Steffen"]
[Black "Pawlick, Helmut"]
[Result "1/2-1/2"]
[WhiteElo "1795"]
[BlackElo "1816"]
[PlyCount "52"]
[EventDate "2014.09.21"]
[EventType "team-tourn"]
[EventRounds "9"]
[EventCountry "GER"]
[SourceTitle "EXT 2022"]
[Source "ChessBase"]
[SourceDate "2021.10.06"]
[SourceVersion "1"]
[SourceVersionDate "2021.10.06"]
[SourceQuality "1"]
[WhiteTeam "Torgelow Droegeheide II"]
[BlackTeam "Bergen Rugia"]
[WhiteTeamCountry "GER"]
[BlackTeamCountry "GER"]

1. e4 Nf6 2. e5 Nd5 3. d4 d6 4. c4 Nb6 5. exd6 cxd6 6. Nc3 g6 7. Be3 Bg7 8. Rc1 0-0 9. b3 N6d7 10. Be2 Nf6 11. f4 Bf5 12. h3 Ne4 13. Nxe4 Bxe4 14. Nf3 Qc7 15. 0-0 Nc6 16. Qd2 e5 17. d5 exf4 18. Bxf4 Bxf3 19. Bxf3 Ne5 20. Bxe5 Bxe5 21. Qf2 b6 22. Rfe1 Rfe8 23. Kf1 Kf8 24. Rc2 Qc5 25. Qxc5 bxc5 26. Ree2 a5 1/2-1/2